000 00847nam a2200277 i 4500
001 000029307
003 DO-SdBNP
005 20250401134320.0
007 ta
008 110414s1980 dr 000 0 spa d
040 _aDO-SdBNP
_bspa
_cBNPHU
_erda
041 _hspa
082 _axxxx
_bB681
_222
100 1 _aBoin, Jacqueline
_eautor
_97799
245 3 _aLa explotación capitalista en la República Dominicana :
_bJacqueline Boin, José Serrulle Ramia.
264 _aSanto Domingo :
_bGramil,
_c1980.
300 _a45 páginas ;
_c22 cm.
336 _ardacontent
_btexto
_2txt
337 _ardamedia
_bsin mediación
_2n
338 _ardacarrier
_bvolumen
_2nc
590 _aInventariado, 2025/DG
650 4 _aCapitalismo
_zRepública Dominicana
_9282
700 1 _aSerrulle Ramia, José
_eautor
_956188
910 _aDG
942 _2ddc
_cLF2
999 _c28799
_d28799